000 00542nam a2200181Ia 4500
005 20250508151507.0
008 008 250505s9999 xx 000 0 eng d
037 _aBooks to be hide in OPAC
040 _aFEDL
_beng
_cFEDL
041 _aeng
_2eng
084 _a321.4, MCK/O
_qFEDL
100 _aMckeon Richard Ed.
245 0 _aDemocracy in a world of tensions: A symposium prepared by Unesco
260 _aParis, France
_bUNESCO
_c1951
300 _axviii,540p.
942 _cHB
_h321.4, MCK/O
999 _c1330163
_d1330163